1236 1269 1434 1061 1873 1713 1030 1056 1949 1243 1388 1588 1359 1801 1782 1497 1287 1507 1708 1933 1973 1150 1077 1444 1424 1399 1299 1953 1387 1878 1382 1187 1142 1390 1262 1430 1968 1238 1788 1071 1370 1022 1457 1327 1729 1012 1581 1780 1894 1573 1493 1391 1584 1506 1311 1582 1047 1350 1581 1348 1883 1420 1560 1185 1370 1611 1762 1323 1632 1716 1406 1624 1903 1958 1652 1793 1666 1998 1413 1681 1942 1646 1293 1047 1798 1868 1060 1657 1467 1447 1920 1653 1452 1812 1833 1648 1783 1477 1262 BCNSPRNW ULIB Ver.6.0+V

เปลี่ยนเป็นภาษาไทย

Change to English
 แสดงรายละเอียดบรรณานุกรม
  กลับหน้าหลัก

Brief Record : Get Marc (ISO 2709) : E-mail record : QR code < ปิดหน้าต่าง
LEADER : 00000nam 2200000uu 4500
001    13399128877
003     ULIB
008    241024s2024||||th 000 0 tha d
020    ^a9780323809849
060 04 ^aWB39^bJ38P
100 1  ^aJarvis, Carolyn
245 10 ^aPhysical examination & healthassessment /^cCarolyn Jarvis.
250    ^a9th ed.
260    ^aSt. Louis :^bElsevier/Saunders,^c2024
300    ^avi, 875 p. :^bcol. ill. ;^c22 cm.
504    ^aIncludes bibliographical references and index
505 0  ^aThe interview and health history -- Mental status --Assessment techniques and the clinical setting -- Thegeneral survey, measurement, vital signs, and painassessment -- Skin, hair, and nails -- Head, face, andneck, including regional lymphatics -- Eyes -- Ears --Nose, mouth, and throat -- Breasts and axillae, includingregional lymphatics -- Thorax and lungs -- Heart and neckvessels -- Peripheral vascular system and lymphatics --Abdomen -- Musculoskeletal system -- Neurologic system --Male genitourinary system -- Female genitourinary system -- Anus, rectum, and prostate -- Integration of thecomplete physical examination -- Bedside assessment of thehospitalized adult.
520    ^aDesigned for quick reference in the clinical setting, thisportable companion to the author s Physical Examinationand Health Assessment, 6th Edition summarizes essentialassessment skills and techniques for the most effectivephysical examinations. It provides full-color pathologyphotos and illustrations, health history, examinationsteps for each body system, normal versus abnormalfindings, developmental and cultural competencies,lifespan and cross-cultural considerations, relatednursing diagnoses, and summary checklists. In addition,the Bedside Assessment of the Hospitalized Patient chapteroutlines the pertinent assessment steps specific to thispatient population. New abnormal findings photos help torecognize and distinguish between abnormal conditions.Additional new full-color examination technique photosclarify exam steps for eyes, nose, mouth, throat, thorax,heart, neck, peripheral vascular, and pediatric exams.Updated evidence-based practice guidelines throughout theguide reflect the most current research and assessmentpractices.
650  2 ^aPhysical Examination^xmethods^vHandbooks
650  2 ^aNursing Assessment^vHandbooks
650  2 ^aMedical History Taking^vHandbooks
650  2 ^aPhysical Examination^xmethods^vNurses Instruction
650  2 ^aNursing Assessment^vNurses Instruction
650  2 ^aMedical History Taking^vNurses Instruction
700 12 ^aJarvis, Carolyn.^tPhysical examination and healthassessment.^s9th ed.
945    ^p4420^l0^i011124
999    ^aประนอม เกษจรัล
รายการนี้ยังไม่มีแท็ก
คุณยังไม่ได้ล็อกอิน คุณสามารถมีกิจกรรมร่วมกับเว็บไซต์ได้ แต่ต้องล็อกอินก่อน ::
  ล็อกอิน

รายการสื่อสารสนเทศ

ลำดับที่ ประเภท เลขเรียก/บาร์โค้ด สถานที่ สถานะ
1. วิทยาศาสตร์การแพทย์ และสุขภาพ
หนังสือสำรอง
สถานะ=หนังสือสำรอง
WB39 J38P ฉ.1 
  Barcode: 011124
ห้องสมุดวิทยาเขตสวรรค์ประชารักษ์
►หนังสือทั่วไป
บนชั้น

รายการใกล้เคียง
    ผู้แต่ง [Jarvis, Carolyn]

BibComment


ยังไม่เคยถูกคอมเมนท์

คอมเมนท์ทรัพยากรรายการนี้
  คอมเมนท์: Physical examina..


 Copyright 2026. Bcnsprnw @Library